[Event "Wch Seniors 65 31st"]
[Site "Terassini"]
[Date "2023.11.04"]
[Round "10"]
[White "Campora, Daniel Hugo"]
[Black "Vaganian, Rafael A"]
[Result "1/2-1/2"]
[WhiteElo "2343"]
[BlackElo "2493"]
[PlyCount "26"]
[EventDate "2023.10.25"]
[EventType "swiss"]
[EventRounds "11"]
[EventCountry "ITA"]
[SourceTitle "Mega2024 Update 01"]
[Source "Chessbase"]
[SourceDate "2023.11.12"]
[SourceVersion "1"]
[SourceVersionDate "2023.11.12"]
[SourceQuality "1"]

1. e4 c5 2. Nf3 d6 3. d4 Nf6 4. dxc5 Nxe4 5. cxd6 Nxd6 6. Bf4 e6 7. Be2 Be7 8. 0-0 0-0 9. Qd2 f6 10. Bxd6 Qxd6 11. Qxd6 Bxd6 12. Nc3 Nc6 13. Rad1 Bb8 1/2-1/2

[Event "Maia op 7th"]
[Site "Maia"]
[Date "2023.08.27"]
[Round "3"]
[White "Fernandez Gil, Marco Antonio"]
[Black "Campora, Daniel Hugo"]
[Result "0-1"]
[WhiteElo "2180"]
[BlackElo "2349"]
[PlyCount "69"]
[EventDate "2023.08.25"]
[EventType "swiss"]
[EventRounds "9"]
[EventCountry "POR"]
[SourceTitle "EXT 2024"]
[Source "ChessBase"]
[SourceDate "2023.10.10"]
[SourceVersion "1"]
[SourceVersionDate "2023.10.10"]
[SourceQuality "1"]

1. e4 d6 2. d4 g6 3. Nf3 Bg7 4. Bc4 Nf6 5. Qe2 0-0 6. h3 c6 7. e5 Nd5 8. 0-0 Nc7 9. Bb3 a5 10. a4 Be6 11. Nbd2 Nd7 12. Nc4 dxe5 13. dxe5 Nc5 14. Rd1 Nd5 15. Nd4 Nxb3 16. Nxb3 Nc3 17. bxc3 Bxc4 18. Qe1 Qc7 19. Bf4 c5 20. Qe3 b6 21. Nd2 Be6 22. Nf3 Qc6 23. Bh6 Rad8 24. Re1 Bd5 25. Bxg7 Kxg7 26. Nh4 Rd7 27. f4 f5 28. g4 Be4 29. Re2 Rfd8 30. gxf5 gxf5 31. Kh2 Kh8 32. Rg1 Rd1 33. Ree1 R1d2+ 34. Re2 Qd5 35. Rge1 0-1

[Event "Leca da Palmeira 2nd"]
[Site "Leca da Palmeira"]
[Date "2023.08.03"]
[Round "5"]
[White "Hristodoulaki, Antonia"]
[Black "Campora, Daniel Hugo"]
[Result "1/2-1/2"]
[WhiteElo "2077"]
[BlackElo "2333"]
[PlyCount "95"]
[EventDate "2023.07.31"]
[EventType "swiss"]
[EventRounds "9"]
[EventCountry "POR"]
[SourceTitle "CBM 215 Extra"]
[Source "ChessBase"]
[SourceDate "2023.09.30"]
[SourceVersion "1"]
[SourceVersionDate "2023.09.30"]
[SourceQuality "1"]

1. e4 e5 2. Nf3 Nc6 3. Nc3 Nf6 4. d4 exd4 5. Nxd4 Bb4 6. Nxc6 bxc6 7. Bd3 0-0 8. 0-0 d5 9. exd5 cxd5 10. h3 Be6 11. Qf3 Be7 12. Bf4 c6 13. Ne2 c5 14. c3 Qb6 15. b3 Rfe8 16. Rfd1 a5 17. Bc2 Rad8 18. g4 Bc8 19. g5 Ne4 20. Rxd5 Rxd5 21. Qxe4 Rf5 22. Ng3 g6 23. Nxf5 Bxf5 24. Qa4 Rd8 25. Bxf5 gxf5 26. Re1 Kf8 27. Qc4 Qg6 28. Kh2 Bd6 29. h4 h6 30. Kh3 Bxf4 31. Qxf4 hxg5 32. Qxg5 Qxg5 33. hxg5 Rd2 34. Re5 Rxf2 35. Rxc5 Rxa2 36. Rxf5 Ra3 37. Rb5 a4 38. bxa4 Rxc3+ 39. Kg2 Ra3 40. a5 Kg7 41. Kf2 f6 42. gxf6+ Kxf6 43. Ke2 Ke6 44. Kd2 Kd6 45. Kc2 Kc6 46. Rh5 Kb7 47. Kb2 Rg3 48. Kc2 1/2-1/2

[Event "Oviedo op 9th"]
[Site "Oviedo"]
[Date "2023.07.27"]
[Round "5"]
[White "Campora, Daniel Hugo"]
[Black "Szpar, Milosz"]
[Result "1/2-1/2"]
[WhiteElo "2333"]
[BlackElo "2428"]
[PlyCount "60"]
[EventDate "2023.07.24"]
[EventType "swiss"]
[EventRounds "9"]
[EventCountry "ESP"]
[SourceTitle "CBM 215 Extra"]
[Source "ChessBase"]
[SourceDate "2023.09.30"]
[SourceVersion "1"]
[SourceVersionDate "2023.09.30"]
[SourceQuality "1"]

1. e4 e6 2. d4 d5 3. Nd2 Be7 4. Ngf3 Nf6 5. Bd3 c5 6. dxc5 dxe4 7. Nxe4 Nxe4 8. Bxe4 Qxd1+ 9. Kxd1 Bxc5 10. Ke2 Nd7 11. c3 Nf6 12. Bd3 Ke7 13. b4 Bd6 14. Bd2 b6 15. a4 Bb7 16. a5 Ne4 17. Be1 bxa5 18. Rxa5 Bc7 19. Ra3 a5 20. c4 axb4 21. Bxb4+ Kf6 22. Rha1 Rxa3 23. Rxa3 Ra8 24. Rxa8 Bxa8 25. c5 g5 26. g3 g4 27. Nd2 Ng5 28. Ke3 Ke7 29. Be2 f5 30. f4 gxf3 1/2-1/2

[Event "Gijon op 1st"]
[Site "Gijon"]
[Date "2023.07.01"]
[Round "8"]
[White "Plazuelo Pascual, Juan"]
[Black "Campora, Daniel Hugo"]
[Result "1/2-1/2"]
[WhiteElo "2465"]
[BlackElo "2333"]
[PlyCount "88"]
[EventDate "2023.06.26"]
[EventType "swiss"]
[EventRounds "9"]
[EventCountry "ESP"]
[SourceTitle "EXT 2024"]
[Source "ChessBase"]
[SourceDate "2023.10.10"]
[SourceVersion "1"]
[SourceVersionDate "2023.10.10"]
[SourceQuality "1"]

1. e4 e5 2. Nf3 Nc6 3. d4 exd4 4. Nxd4 Bc5 5. Nb3 Bb6 6. Nc3 Nf6 7. Qe2 0-0 8. Bg5 h6 9. Bh4 a5 10. a4 d6 11. 0-0-0 Re8 12. f3 Be6 13. Qe1 Bxb3 14. cxb3 Nb4 15. Kb1 c6 16. Qg3 Bc7 17. f4 Qe7 18. Re1 Qe6 19. f5 Qe5 20. Qxe5 Rxe5 21. Bxf6 gxf6 22. Be2 Rae8 23. Bf3 d5 24. Re2 d4 25. Na2 Nxa2 26. Kxa2 Rc5 27. Rd1 Be5 28. Kb1 Kf8 29. Rc2 Rxc2 30. Kxc2 Ke7 31. h3 Kd6 32. Kd3 Rb8 33. Bh5 Ke7 34. Rc1 Rg8 35. Bf3 Kd6 36. Rc4 b6 37. b4 c5 38. b5 h5 39. Rc2 h4 40. Rf2 Bf4 41. Bg4 Be3 42. Rf1 Ke5 43. b3 Bf4 44. Rf2 Be3 1/2-1/2

[Event "Benalmadena Rapid op 1st"]
[Site "Benalmadena"]
[Date "2023.02.25"]
[Round "1"]
[White "Campora, Daniel Hugo"]
[Black "Guibet, Aymeric"]
[Result "1-0"]
[WhiteElo "2337"]
[BlackElo "1620"]
[PlyCount "21"]
[EventDate "2023.02.25"]
[EventType "swiss (rapid)"]
[EventRounds "9"]
[EventCountry "ESP"]
[SourceTitle "EXT 2024"]
[Source "ChessBase"]
[SourceDate "2023.10.10"]
[SourceVersion "1"]
[SourceVersionDate "2023.10.10"]
[SourceQuality "1"]

1. e4 e5 2. Nf3 Nc6 3. Bb5 a6 4. Ba4 b5 5. Bb3 Nf6 6. 0-0 Be7 7. d4 d6 8. c3 0-0 9. h3 h6 10. dxe5 Nxe4 11. Bd5 1-0

[Event "La Nucia op 3rd"]
[Site "La Nucia"]
[Date "2022.10.16"]
[Round "9"]
[White "Moskalenko, Viktor"]
[Black "Campora, Daniel Hugo"]
[Result "0-1"]
[WhiteElo "2440"]
[BlackElo "2330"]
[PlyCount "73"]
[EventDate "2022.10.09"]
[EventType "swiss"]
[EventRounds "9"]
[EventCountry "ESP"]
[SourceTitle "CBM 210 Extra"]
[Source "ChessBase"]
[SourceDate "2022.11.30"]
[SourceVersion "1"]
[SourceVersionDate "2022.11.30"]
[SourceQuality "1"]

1. d4 Nf6 2. c4 e6 3. Nc3 d5 4. cxd5 exd5 5. Bg5 Be7 6. e3 0-0 7. Bd3 Nbd7 8. Nf3 c6 9. Qc2 Re8 10. Bf4 Nf8 11. h3 a6 12. 0-0-0 b5 13. Kb1 Be6 14. Ng5 Rc8 15. Be5 g6 16. h4 c5 17. h5 Nxh5 18. Nxe6 fxe6 19. Rxh5 gxh5 20. Bxh7+ Kf7 21. Qe2 Bf6 22. Qxh5+ Ke7 23. Bg8 Kd7 24. Qf7+ Be7 25. Nxd5 Kc6 26. dxc5 Bxc5 27. Nc3 Nd7 28. Bf6 Qxf6 29. Qxd7+ Kb6 30. Ne4 Qe7 31. Nxc5 Qxc5 32. Bh7 Rcd8 33. Qxd8+ Rxd8 34. Rxd8 Qc7 35. Rd3 Qxh7 36. Kc2 Qe4 37. a3 0-1

[Event "La Nucia op 3rd"]
[Site "La Nucia"]
[Date "2022.10.14"]
[Round "7"]
[White "Gomez Ledo, Roberto Carlos"]
[Black "Campora, Daniel Hugo"]
[Result "1-0"]
[WhiteElo "2445"]
[BlackElo "2330"]
[PlyCount "135"]
[EventDate "2022.10.09"]
[EventType "swiss"]
[EventRounds "9"]
[EventCountry "ESP"]
[SourceTitle "CBM 210 Extra"]
[Source "ChessBase"]
[SourceDate "2022.11.30"]
[SourceVersion "1"]
[SourceVersionDate "2022.11.30"]
[SourceQuality "1"]

1. Nf3 Nf6 2. b3 e6 3. Bb2 Be7 4. e3 0-0 5. c4 b6 6. Qc2 d6 7. d4 Bb7 8. Nbd2 c5 9. d5 exd5 10. Ng5 g6 11. h4 d4 12. exd4 cxd4 13. Bxd4 Nc6 14. Bc3 d5 15. Ndf3 d4 16. 0-0-0 dxc3 17. Rxd8 Ba3+ 18. Kb1 Raxd8 19. Bd3 Nb4 20. Qxc3 Nxd3 21. Qxf6 Rd6 22. Qe7 Bxf3 23. gxf3 Nxf2 24. Rc1 a5 25. Nxh7 Rfd8 26. Nf6+ Kg7 27. Ne8+ Rxe8 28. Qxe8 Bxc1 29. Kxc1 Nd3+ 30. Kb1 Re6 31. Qd8 Ne5 32. f4 Nf3 33. c5 bxc5 34. Qxa5 Re1+ 35. Kc2 Nd4+ 36. Kd2 Ra1 37. Qxc5 Rxa2+ 38. Kc3 Ne6 39. Qe5+ Kg8 40. b4 Rf2 41. b5 Rf3+ 42. Kb2 Rxf4 43. Ka3 Rf5 44. Qe2 Nd4 45. Qe8+ Kg7 46. b6 Rb5 47. Qe4 Nc2+ 48. Qxc2 Rxb6 49. Qc3+ Kg8 50. Qe5 Re6 51. Qg5 Kf8 52. Kb4 Ke8 53. Qh6 Ke7 54. Kc5 Re5+ 55. Kc6 Re6+ 56. Kc7 Re5 57. Qf4 Rc5+ 58. Kb6 Rf5 59. Qb4+ Kd7 60. Qd4+ Ke6 61. Kc6 Re5 62. Qf4 Rh5 63. Qd6+ Kf5 64. Qd4 g5 65. hxg5 Rxg5 66. Kd7 Kg6 67. Ke7 f5 68. Qh4 1-0

[Event "Lisbon Portugal rapid op"]
[Site "Lisbon"]
[Date "2022.09.04"]
[Round "11"]
[White "Campora, Daniel Hugo"]
[Black "Umetsubo, Cesar Hidemitsu"]
[Result "1/2-1/2"]
[WhiteElo "2344"]
[BlackElo "2366"]
[PlyCount "48"]
[EventDate "2022.09.03"]
[EventType "swiss (rapid)"]
[EventRounds "11"]
[EventCountry "POR"]
[SourceTitle "CBM 210 Extra"]
[Source "ChessBase"]
[SourceDate "2022.11.30"]
[SourceVersion "1"]
[SourceVersionDate "2022.11.30"]
[SourceQuality "1"]

1. e4 c5 2. Nf3 d6 3. c3 Nf6 4. Bd3 Nbd7 5. Bc2 b6 6. 0-0 Bb7 7. Re1 e6 8. d4 Be7 9. h3 Qc7 10. Bf4 e5 11. Bh2 Rc8 12. Na3 cxd4 13. cxd4 a6 14. Rc1 0-0 15. Qd2 b5 16. Nb1 Qb8 17. Nc3 Bd8 18. dxe5 dxe5 19. Nd5 Nxd5 20. exd5 Bf6 21. Bf5 Rxc1 22. Qxc1 Qd6 23. Qd2 Nb6 24. Nxe5 Qxd5 1/2-1/2

[Event "Lisbon Portugal rapid op"]
[Site "Lisbon"]
[Date "2022.09.03"]
[Round "1"]
[White "Caldeira, Daniel"]
[Black "Campora, Daniel Hugo"]
[Result "0-1"]
[WhiteElo "1481"]
[BlackElo "2344"]
[PlyCount "46"]
[EventDate "2022.09.03"]
[EventType "swiss (rapid)"]
[EventRounds "11"]
[EventCountry "POR"]
[SourceTitle "CBM 210 Extra"]
[Source "ChessBase"]
[SourceDate "2022.11.30"]
[SourceVersion "1"]
[SourceVersionDate "2022.11.30"]
[SourceQuality "1"]

1. c4 e5 2. g3 Nf6 3. Bg2 c6 4. Nc3 Bb4 5. Qc2 0-0 6. Nf3 Re8 7. 0-0 d5 8. cxd5 cxd5 9. d3 d4 10. Nd1 Nc6 11. a3 Bf8 12. b4 a6 13. Nb2 h6 14. Nc4 Bf5 15. Nh4 Bh7 16. Bb2 Rc8 17. Qb3 e4 18. dxe4 Nxe4 19. Rfd1 Qf6 20. Nf3 Nc3 21. Rd2 Nxe2+ 22. Kh1 Qe6 23. Qd1 Qxc4 0-1

[Event "Lisbon Portugal rapid op"]
[Site "Lisbon"]
[Date "2022.09.03"]
[Round "5"]
[White "Rego, Pedro Filipe"]
[Black "Campora, Daniel Hugo"]
[Result "1-0"]
[WhiteElo "2273"]
[BlackElo "2344"]
[PlyCount "96"]
[EventDate "2022.09.03"]
[EventType "swiss (rapid)"]
[EventRounds "11"]
[EventCountry "POR"]
[SourceTitle "CBM 210 Extra"]
[Source "ChessBase"]
[SourceDate "2022.11.30"]
[SourceVersion "1"]
[SourceVersionDate "2022.11.30"]
[SourceQuality "1"]

1. e4 e5 2. Nf3 Nc6 3. d4 exd4 4. Nxd4 Bb4+ 5. c3 Bc5 6. Be3 Bb6 7. Nf5 g6 8. Bxb6 axb6 9. Ne3 Nf6 10. f3 0-0 11. c4 d6 12. Bd3 Ne5 13. 0-0 Be6 14. Nc3 c6 15. Be2 b5 16. cxb5 Qb6 17. Qd2 d5 18. exd5 Nxd5 19. Ncxd5 cxd5 20. Rfd1 Nc4 21. Bxc4 dxc4 22. Kh1 Qxb5 23. f4 Rad8 24. Qc2 Rd3 25. Re1 Rfd8 26. Re2 Qc5 27. Rae1 b5 28. a3 Qd4 29. f5 gxf5 30. Qc1 f4 31. Nc2 Qf6 32. Nb4 f3 33. Rf2 Rb3 34. Nc6 Rd6 35. Ne5 Bd5 36. Kg1 Re6 37. Ng4 Rxe1+ 38. Qxe1 Qe6 39. Qd2 Qxg4 40. Qxd5 Rd3 41. Qa8+ Kg7 42. h3 Rd1+ 43. Kh2 Qf4+ 44. g3 Qe3 45. Qxf3 Qxf3 46. Rxf3 Rd2+ 47. Kg1 Rxb2 48. Rf5 c3 1-0

[Event "Mirandela op 3rd"]
[Site "Mirandela"]
[Date "2022.08.19"]
[Round "4"]
[White "Silva, Miguel Antonio Neto"]
[Black "Campora, Daniel Hugo"]
[Result "1/2-1/2"]
[WhiteElo "2207"]
[BlackElo "2397"]
[PlyCount "108"]
[EventDate "2022.08.17"]
[EventType "swiss"]
[EventRounds "9"]
[EventCountry "POR"]
[SourceTitle "CBM 209 Extra"]
[Source "ChessBase"]
[SourceDate "2022.09.30"]
[SourceVersion "1"]
[SourceVersionDate "2022.09.30"]
[SourceQuality "1"]

1. d4 d5 2. Nf3 Nf6 3. c4 c6 4. cxd5 cxd5 5. Nc3 Nc6 6. Bf4 e6 7. e3 Be7 8. h3 0-0 9. Bd3 b6 10. 0-0 Bb7 11. Rc1 Rc8 12. Ne5 Nxe5 13. Bxe5 Ne4 14. Nxe4 dxe4 15. Bc4 Bd6 16. Bxd6 Qxd6 17. Qb3 Rc7 18. Rc3 g6 19. Rfc1 Rfc8 20. a3 Kg7 21. Be2 Bd5 22. Qa4 Rxc3 23. Rxc3 Rc7 24. Qc2 Rxc3 25. Qxc3 Qc6 26. f4 exf3 27. Qxc6 Bxc6 28. Bxf3 Bxf3 29. gxf3 g5 30. Kf2 f5 31. e4 h5 32. Kg3 Kf6 33. h4 g4 34. fxg4 fxg4 35. Kf2 Ke7 36. Ke3 Kd6 37. Kd3 Kc6 38. Ke3 Kb5 39. b3 a5 40. a4+ Kb4 41. Kd3 b5 42. axb5 Kxb5 43. Ke3 Kb4 44. Kf4 Kb5 45. Ke3 Kb6 46. Kd3 Kc6 47. Ke3 Kb5 48. Kd3 a4 49. bxa4+ Kxa4 50. Ke2 Kb4 51. Kf2 Kb5 52. Ke2 Kb4 53. Kf2 Kc4 54. Ke3 Kb5 1/2-1/2

[Event "Mirandela op 3rd"]
[Site "Mirandela"]
[Date "2022.08.18"]
[Round "3"]
[White "Campora, Daniel Hugo"]
[Black "Robledo Sanchez, Saul"]
[Result "1-0"]
[WhiteElo "2397"]
[BlackElo "1960"]
[PlyCount "131"]
[EventDate "2022.08.17"]
[EventType "swiss"]
[EventRounds "9"]
[EventCountry "POR"]
[SourceTitle "CBM 209 Extra"]
[Source "ChessBase"]
[SourceDate "2022.09.30"]
[SourceVersion "1"]
[SourceVersionDate "2022.09.30"]
[SourceQuality "1"]

1. e4 c5 2. Nf3 e6 3. c3 Nf6 4. d3 Nc6 5. Nbd2 d6 6. Be2 Be7 7. 0-0 0-0 8. h3 b6 9. Re1 Bb7 10. Bf1 h6 11. a3 Qc7 12. b4 a6 13. Bb2 Rac8 14. d4 Rfd8 15. Rc1 Bf8 16. Bd3 b5 17. Bb1 c4 18. Nh2 e5 19. d5 Ne7 20. Ndf1 Ng6 21. Rc2 Ra8 22. g3 Bc8 23. Ng4 Nh7 24. h4 Ne7 25. Nge3 g6 26. h5 Nf6 27. hxg6 fxg6 28. Rce2 Bg7 29. Nh2 Rf8 30. f3 Qd7 31. Bc1 Nh5 32. Rg2 Qa7 33. Kh1 Kh7 34. Neg4 Nf6 35. Be3 Qc7 36. Nxf6+ Bxf6 37. Qd2 Bg7 38. f4 Ng8 39. Rf2 Qe7 40. Rg1 Bd7 41. f5 g5 42. g4 Bf6 43. Nf3 Kg7 44. Kg2 Kf7 45. Rh1 Ke8 46. Kg3 Kd8 47. Rfh2 Qg7 48. Bc2 Kc7 49. Ra1 Rfb8 50. a4 Be8 51. Qc1 Bd7 52. Bd1 Bc8 53. Rha2 Bb7 54. axb5 axb5 55. Ba7 Re8 56. Qe3 Kc8 57. Nd2 Qd7 58. Ra5 Rf8 59. Rxb5 Qxb5 60. Ba4 Qa6 61. Bd7+ Kxd7 62. Rxa6 Bxa6 63. Qb6 Rfc8 64. Qxa6 Rc7 65. Qb5+ Kc8 66. Bb6 1-0

[Event "Merida World Heritage op 2nd"]
[Site "Merida"]
[Date "2022.08.03"]
[Round "3"]
[White "Grigoryan, Karen H"]
[Black "Campora, Daniel Hugo"]
[Result "1-0"]
[WhiteElo "2631"]
[BlackElo "2397"]
[PlyCount "91"]
[EventDate "2022.08.02"]
[EventType "swiss"]
[EventRounds "9"]
[EventCountry "ESP"]
[SourceTitle "CBM 209 Extra"]
[Source "ChessBase"]
[SourceDate "2022.09.30"]
[SourceVersion "1"]
[SourceVersionDate "2022.09.30"]
[SourceQuality "1"]

1. d4 Nf6 2. c4 e6 3. Nc3 d5 4. cxd5 exd5 5. Bg5 c6 6. e3 Nbd7 7. Bd3 Bd6 8. Qc2 Nf8 9. Nf3 Ne6 10. Bh4 g6 11. Ne5 g5 12. Bg3 Nh5 13. 0-0-0 Nf8 14. e4 Be6 15. exd5 cxd5 16. Rhe1 Qc7 17. Qa4+ Kd8 18. Kb1 Nxg3 19. hxg3 Nd7 20. f4 gxf4 21. gxf4 Nb6 22. Qc2 f6 23. f5 Bg8 24. Qf2 Qg7 25. Qh4 Be7 26. Ng4 h5 27. Nf2 Bd6 28. Re3 Qh6 29. Rde1 Bf7 30. Nb5 Bf4 31. Re7 Re8 32. Rxe8+ Bxe8 33. Nh3 Bb8 34. g4 Nc4 35. Bxc4 dxc4 36. g5 Qf8 37. Nc3 Bd7 38. gxf6 Bd6 39. Re6 a5 40. Nd5 Ra6 41. f7+ Kc8 42. Qf6 Kb8 43. Ng5 c3 44. bxc3 Ka7 45. Nh7 Qb8 46. Rxd6 1-0